[Event "Pardubice Region-chT 2223"]
[Site "Czech Republic"]
[Date "2023.04.02"]
[Round "11.4"]
[White "Kokes, Bohuslav"]
[Black "Volf, Jaroslav"]
[Result "1/2-1/2"]
[WhiteElo "1909"]
[BlackElo "1932"]
[PlyCount "80"]
[EventDate "2022.10.09"]
[EventType "team-tourn"]
[EventRounds "11"]
[EventCountry "CZE"]
[SourceTitle "EXT 2024"]
[Source "ChessBase"]
[SourceDate "2023.10.10"]
[SourceVersion "1"]
[SourceVersionDate "2023.10.10"]
[SourceQuality "1"]

1. Nf3 Nf6 2. b4 g6 3. Bb2 Bg7 4. e3 d5 5. c4 c6 6. d4 0-0 7. Nbd2 Nbd7 8. Bd3 dxc4 9. Nxc4 Nb6 10. Na5 Rb8 11. h3 Be6 12. 0-0 Bd5 13. Nd2 Nfd7 14. e4 Be6 15. Nf3 f6 16. Qc2 Bf7 17. Rfd1 e6 18. a3 f5 19. e5 Nd5 20. Nc4 N7b6 21. Qb3 Nxc4 22. Bxc4 g5 23. Bxd5 cxd5 24. b5 h6 25. a4 Qd7 26. Ba3 Rfc8 27. Bd6 Ra8 28. Rdc1 Rxc1+ 29. Rxc1 Rc8 30. Qa3 Bh5 31. Ne1 Be2 32. Rc3 Rxc3 33. Qxc3 Bc4 34. Qb4 Qc8 35. Qa5 a6 36. Nc2 Bxb5 37. axb5 Qxc2 38. bxa6 bxa6 39. Qxa6 Qc1+ 40. Kh2 Qf4+ 1/2-1/2

[Event "Pardubice Region-chT 2223"]
[Site "Czech Republic"]
[Date "2023.03.19"]
[Round "10.2"]
[White "Volf, Jaroslav"]
[Black "Horak, Vojtech"]
[Result "1-0"]
[WhiteElo "1932"]
[BlackElo "1673"]
[PlyCount "71"]
[EventDate "2022.10.09"]
[EventType "team-tourn"]
[EventRounds "11"]
[EventCountry "CZE"]
[SourceTitle "EXT 2024"]
[Source "ChessBase"]
[SourceDate "2023.10.10"]
[SourceVersion "1"]
[SourceVersionDate "2023.10.10"]
[SourceQuality "1"]

1. e4 e5 2. Nf3 Nc6 3. d4 exd4 4. Bc4 Nf6 5. e5 d5 6. Bb5 Ne4 7. Nxd4 Bd7 8. Bxc6 bxc6 9. 0-0 Bc5 10. Be3 Qb8 11. b3 Bb6 12. c3 0-0 13. f3 Nc5 14. f4 Ne4 15. Qc1 Rd8 16. Nd2 Nxc3 17. Qxc3 c5 18. Rfc1 cxd4 19. Bxd4 Rc8 20. b4 a5 21. a3 Qa7 22. Nb3 a4 23. Nc5 Bxc5 24. Qxc5 Qxc5 25. Rxc5 c6 26. Kf2 Rcb8 27. Kf3 h5 28. h3 Rb5 29. g4 Rxc5 30. Bxc5 g6 31. Rg1 hxg4+ 32. hxg4 f5 33. exf6 Kf7 34. Rh1 Kxf6 35. Rh7 Be8 36. g5+ 1-0

[Event "Pardubice Region-chT 2223"]
[Site "Czech Republic"]
[Date "2023.02.12"]
[Round "8.5"]
[White "Kastner, Oldrich"]
[Black "Volf, Jaroslav"]
[Result "1/2-1/2"]
[WhiteElo "2039"]
[BlackElo "1932"]
[PlyCount "153"]
[EventDate "2022.10.09"]
[EventType "team-tourn"]
[EventRounds "11"]
[EventCountry "CZE"]
[SourceTitle "EXT 2024"]
[Source "ChessBase"]
[SourceDate "2023.10.10"]
[SourceVersion "1"]
[SourceVersionDate "2023.10.10"]
[SourceQuality "1"]

1. d4 Nf6 2. Nf3 g6 3. Bg5 Bg7 4. c3 d5 5. Nbd2 c6 6. e3 Bf5 7. Be2 Qb6 8. Qb3 Ne4 9. Nxe4 Bxe4 10. 0-0 Nd7 11. Nd2 Qxb3 12. axb3 Bf5 13. b4 f6 14. Bh4 h5 15. f4 b5 16. Ra6 Nb6 17. b3 Bc8 18. Ra2 a6 19. Nf3 Bb7 20. Ne1 Bh6 21. Nd3 Bc8 22. Nc5 Nd7 23. Bd3 Kf7 24. e4 Nxc5 25. bxc5 dxe4 26. Bxe4 Bb7 27. b4 Rad8 28. Bc2 Rhe8 29. Bb3+ Kg7 30. Be1 Rd7 31. Be6 Rc7 32. Bd2 Ra8 33. Rfa1 Rf8 34. g3 f5 35. c4 Rd8 36. Bc3 Kf8 37. Rd1 Bg7 38. Kf2 Bf6 39. Ke3 g5 40. Bxf5 gxf4+ 41. gxf4 e5 42. fxe5 Bxe5 43. Rf1 Bg7 44. Be6+ Ke8 45. Re2 Re7 46. Kd3 Bc8 47. Bf7+ Kd7 48. Rxe7+ Kxe7 49. Bxh5 bxc4+ 50. Kxc4 Be6+ 51. Kd3 Rh8 52. Bf3 Bf5+ 53. Ke3 Rxh2 54. Bxc6 Bh6+ 55. Kf3 Rh3+ 56. Kg2 Rxc3 57. Rxf5 Rc4 58. Rd5 Rxb4 59. Rd7+ Kf8 60. Bf3 Be3 61. c6 Bf4 62. c7 Bxc7 63. Rxc7 Rxd4 64. Rc5 Ra4 65. Bc6 Ra3 66. Kf2 Ke7 67. Ke2 Kd6 68. Rc4 Ra5 69. Be4 Ke5 70. Kd3 Ra3+ 71. Kc2 Ra2+ 72. Kb3 Rd2 73. Bb7 Rd3+ 74. Kb2 Rd6 75. Kc3 Rb6 76. Bf3 Kd6 77. Be2 1/2-1/2

[Event "Pardubice Region-chT 2223"]
[Site "Czech Republic"]
[Date "2022.10.30"]
[Round "2.4"]
[White "Juchelka, Marek"]
[Black "Volf, Jaroslav"]
[Result "1/2-1/2"]
[WhiteElo "1820"]
[BlackElo "1932"]
[PlyCount "44"]
[EventDate "2022.10.09"]
[EventType "team-tourn"]
[EventRounds "11"]
[EventCountry "CZE"]
[SourceTitle "EXT 2024"]
[Source "ChessBase"]
[SourceDate "2023.10.10"]
[SourceVersion "1"]
[SourceVersionDate "2023.10.10"]
[SourceQuality "1"]

1. e4 c5 2. Nf3 Nf6 3. Nc3 Nc6 4. d4 d5 5. exd5 Nxd5 6. Nxd5 Qxd5 7. dxc5 Qxd1+ 8. Kxd1 Bg4 9. Be2 e5 10. Be3 0-0-0+ 11. Kc1 f5 12. g3 Be7 13. h3 Bh5 14. Re1 f4 15. gxf4 exf4 16. Bxf4 Bxc5 17. Be3 Bxe3+ 18. fxe3 Rhe8 19. Nd4 Bxe2 20. Nxc6 bxc6 21. Rxe2 Rd5 22. e4 Rde5 1/2-1/2

[Event "CZE-chT2D 1617"]
[Site "Czech Republic"]
[Date "2016.11.13"]
[Round "3.8"]
[White "Volf, Jaroslav"]
[Black "Prokop, Matej"]
[Result "1-0"]
[WhiteElo "2031"]
[BlackElo "1904"]
[PlyCount "55"]
[EventDate "2016.10.09"]
[EventType "team-tourn"]
[EventRounds "11"]
[EventCountry "CZE"]
[SourceTitle "EXT 2022"]
[Source "ChessBase"]
[SourceDate "2021.10.06"]
[SourceVersion "1"]
[SourceVersionDate "2021.10.06"]
[SourceQuality "1"]
[WhiteTeam "Usti nad Orlici"]
[BlackTeam "Pardubice Rapid II"]
[WhiteTeamCountry "CZE"]
[BlackTeamCountry "CZE"]

1. e4 c5 2. c3 d6 3. d4 cxd4 4. cxd4 Nf6 5. Nc3 a6 6. Nf3 g6 7. Be2 Bg7 8. 0-0 0-0 9. h3 b5 10. Qb3 Nbd7 11. Be3 Nb6 12. Nd2 Bb7 13. d5 Nfd7 14. a4 bxa4 15. Nxa4 Nxa4 16. Rxa4 Qc7 17. Rc4 Nc5 18. Qc2 Qd8 19. b4 Nd7 20. Nb3 Qb8 21. Na5 Rc8 22. Rc1 Kf8 23. Rc7 Rxc7 24. Qxc7 Qxc7 25. Rxc7 Bc8 26. Nc6 Bf6 27. Na7 Ke8 28. Rxc8+ 1-0

[Event "CZE-ch Seniors 70"]
[Site "Rychnov nad Kneznou"]
[Date "2015.08.23"]
[Round "9"]
[White "Volf, Jaroslav"]
[Black "Most, Zdenek"]
[Result "1/2-1/2"]
[WhiteElo "2045"]
[BlackElo "2033"]
[PlyCount "84"]
[EventDate "2015.08.15"]
[EventType "swiss"]
[EventRounds "9"]
[EventCountry "CZE"]
[SourceTitle "EXT 2016"]
[Source "ChessBase"]
[SourceDate "2015.10.08"]
[SourceVersion "1"]
[SourceVersionDate "2015.10.08"]
[SourceQuality "1"]

1. e4 c5 2. c3 g6 3. d4 Qa5 4. dxc5 Qxc5 5. Be3 Qc7 6. Na3 Nc6 7. Nb5 Qd8 8. Nd4 Bg7 9. g3 d6 10. Bg2 Bd7 11. Nge2 Nf6 12. 0-0 0-0 13. f3 a6 14. Qd2 Ne5 15. b3 Rc8 16. Rac1 d5 17. f4 Neg4 18. exd5 Nxe3 19. Qxe3 b5 20. Nc6 Nxd5 21. Bxd5 Bxc6 22. Bxc6 Rxc6 23. Rfd1 Qc7 24. Kg2 e6 25. Rd3 Rc8 26. Rc2 h5 27. h3 Rc5 28. Qf3 Rd8 29. Rcd2 Rxd3 30. Rxd3 Bf6 31. Qa8+ Qc8 32. Qxc8+ Rxc8 33. Rd6 Ra8 34. Kf3 Kf8 35. Rb6 Rc8 36. Rxa6 Bxc3 37. Nxc3 Rxc3+ 38. Kg2 Rc2+ 39. Kf3 Rc3+ 40. Kg2 Kg7 41. Rb6 Rc2+ 42. Kf3 Rc3+ 1/2-1/2

[Event "CZE-chT2D 1415"]
[Site "Czech Republic"]
[Date "2014.11.02"]
[Round "1.5"]
[White "Volf, Jaroslav"]
[Black "Jezbera, Jiri"]
[Result "1/2-1/2"]
[WhiteElo "2067"]
[BlackElo "2173"]
[PlyCount "62"]
[EventDate "2014.11.02"]
[EventType "team-tourn"]
[EventRounds "11"]
[EventCountry "CZE"]
[SourceTitle "EXT 2022"]
[Source "ChessBase"]
[SourceDate "2021.10.06"]
[SourceVersion "1"]
[SourceVersionDate "2021.10.06"]
[SourceQuality "1"]
[WhiteTeam "Usti nad Orlici"]
[BlackTeam "Hradec Kralove II"]
[WhiteTeamCountry "CZE"]
[BlackTeamCountry "CZE"]

1. e4 c5 2. c3 e6 3. d4 d5 4. exd5 Qxd5 5. Nf3 Nc6 6. Be2 Nf6 7. 0-0 Be7 8. Be3 Ng4 9. Bf4 h5 10. Qd2 Rg8 11. c4 Qd8 12. dxc5 Bxc5 13. Qxd8+ Nxd8 14. Nc3 a6 15. Ne4 Be7 16. Rad1 Nc6 17. Nd6+ Bxd6 18. Bxd6 Nf6 19. Ne5 Ne7 20. Bf3 g5 21. Bc7 Kf8 22. g4 hxg4 23. Nxg4 Nxg4 24. Bxg4 f5 25. Bf3 g4 26. Bg2 Kf7 27. Rd2 Ng6 28. Rfd1 Nh4 29. Rd8 Rxd8 30. Rxd8 Nxg2 31. Kxg2 b5 1/2-1/2

[Event "CZE-chT2D 1314"]
[Site "Czech Republic"]
[Date "2014.01.19"]
[Round "6.5"]
[White "Ptacek, Lubos"]
[Black "Volf, Jaroslav"]
[Result "1/2-1/2"]
[WhiteElo "2092"]
[BlackElo "2087"]
[PlyCount "50"]
[EventDate "2013.11.03"]
[EventType "team-tourn"]
[EventRounds "11"]
[EventCountry "CZE"]
[SourceTitle "EXT 2016"]
[Source "ChessBase"]
[SourceDate "2015.10.08"]
[SourceVersion "1"]
[SourceVersionDate "2015.10.08"]
[SourceQuality "1"]
[WhiteTeam "Vysoke Myto"]
[BlackTeam "Usti nad Orlici"]
[WhiteTeamCountry "CZE"]
[BlackTeamCountry "CZE"]

1. e4 c5 2. Nf3 Nf6 3. Nc3 Nc6 4. d4 d5 5. exd5 Nxd5 6. dxc5 Nxc3 7. Qxd8+ Nxd8 8. bxc3 Nc6 9. Be3 e5 10. Bc4 f6 11. Rb1 Kd8 12. 0-0 Kc7 13. Bd5 Bf5 14. Rb2 Be7 15. Nd2 Rhd8 16. c4 Rab8 17. f4 Bg6 18. f5 Be8 19. Ne4 Bd7 20. g4 h5 21. g5 Nd4 22. Nd6 Bxd6 23. cxd6+ Kxd6 24. c3 Nc6 25. Be4 b6 1/2-1/2

[Event "CZE-chT2D 1213"]
[Site "Czech Republic"]
[Date "2013.01.20"]
[Round "7.7"]
[White "Gerych, Jan"]
[Black "Volf, Jaroslav"]
[Result "0-1"]
[WhiteElo "2046"]
[BlackElo "2126"]
[PlyCount "58"]
[EventDate "2012.10.14"]
[EventType "team-tourn"]
[EventRounds "11"]
[EventCountry "CZE"]
[SourceTitle "EXT 2016"]
[Source "ChessBase"]
[SourceDate "2015.10.08"]
[SourceVersion "1"]
[SourceVersionDate "2015.10.08"]
[SourceQuality "1"]
[WhiteTeam "Olomouc Garde"]
[BlackTeam "Usti nad Orlici"]
[WhiteTeamCountry "CZE"]
[BlackTeamCountry "CZE"]

1. d4 Nf6 2. Bg5 e6 3. Nd2 d5 4. Ngf3 Be7 5. e3 0-0 6. Bd3 Nbd7 7. c3 h6 8. Bh4 c5 9. Qe2 Re8 10. Ne5 Nxe5 11. dxe5 Nd7 12. Bxe7 Qxe7 13. Nf3 b6 14. h4 Bb7 15. 0-0-0 f6 16. Bb5 Red8 17. Bxd7 Rxd7 18. Rhg1 Rad8 19. g4 d4 20. exd4 Bxf3 21. Qxf3 cxd4 22. cxd4 Rxd4 23. Rxd4 Qc5+ 24. Kb1 Qxd4 25. g5 hxg5 26. hxg5 fxg5 27. Rxg5 Rf8 28. Qb3 Qe4+ 29. Kc1 Qe1+ 0-1

[Event "CZE-chT2D 1011"]
[Site "Czech Republic"]
[Date "2011.03.06"]
[Round "9.4"]
[White "Volf, Jaroslav"]
[Black "Smistik, Milan"]
[Result "1/2-1/2"]
[WhiteElo "2140"]
[BlackElo "2337"]
[PlyCount "119"]
[EventDate "2010.10.17"]
[EventType "team-tourn"]
[EventRounds "11"]
[EventCountry "CZE"]
[SourceTitle "EXT 2012"]
[Source "ChessBase"]
[SourceDate "2011.11.24"]
[SourceVersion "1"]
[SourceVersionDate "2011.11.24"]
[SourceQuality "1"]
[WhiteTeam "Usti nad Orlici"]
[BlackTeam "Trebic Caissa"]
[WhiteTeamCountry "CZE"]
[BlackTeamCountry "CZE"]

1. e4 c5 2. c3 Nf6 3. e5 Nd5 4. d4 cxd4 5. cxd4 d6 6. Nf3 Nc6 7. Bc4 Nb6 8. Be2 Bg4 9. 0-0 dxe5 10. dxe5 Qxd1 11. Rxd1 Nxe5 12. Nc3 Nxf3+ 13. gxf3 Bd7 14. Be3 0-0-0 15. a4 Bc6 16. a5 Nd5 17. Nxd5 Rxd5 18. Rxd5 Bxd5 19. Bxa7 e6 20. Rc1+ Kd7 21. Bb5+ Bc6 22. a6 Bd6 23. axb7 Bxb5 24. Rd1 Kc6 25. Rxd6+ Kxb7 26. Rb6+ Kxa7 27. Rxb5 Rd8 28. Kg2 Rd4 29. Rg5 g6 30. Rb5 Ka6 31. Rb8 Rd5 32. f4 Rb5 33. Rh8 h5 34. Ra8+ Kb7 35. Rf8 Rf5 36. Kg3 Kc6 37. Ra8 Kb5 38. Rb8+ Kc4 39. Rb7 Kd3 40. Rb3+ Kc4 41. Rb7 h4+ 42. Kxh4 Rxf4+ 43. Kg3 Rf5 44. h4 e5 45. f3 Rf4 46. Rd7 Kb3 47. Rb7+ Kc2 48. b4 Kd3 49. Re7 f6 50. Ra7 Rxb4 51. Ra3+ Kc2 52. Ra2+ Kc3 53. Ra3+ Rb3 54. Ra6 Kd2 55. Kf2 f5 56. Rxg6 e4 57. fxe4 fxe4 58. Rd6+ Rd3 59. Rxd3+ exd3 60. h5 1/2-1/2

[Event "CZE-chT2D 1011"]
[Site "Czech Republic"]
[Date "2011.02.20"]
[Round "8"]
[White "Tajovsky, Martin"]
[Black "Volf, Jaroslav"]
[Result "1/2-1/2"]
[WhiteElo "2171"]
[BlackElo "2140"]
[PlyCount "32"]
[EventDate "2010.10.17"]
[EventType "team-tourn"]
[EventRounds "11"]
[EventCountry "CZE"]
[SourceTitle "EXT 2012"]
[Source "ChessBase"]
[SourceDate "2011.11.24"]
[SourceVersion "1"]
[SourceVersionDate "2011.11.24"]
[SourceQuality "1"]
[WhiteTeam "Brno Duras II"]
[BlackTeam "Usti nad Orlici"]
[WhiteTeamCountry "CZE"]
[BlackTeamCountry "CZE"]

1. d4 Nf6 2. c4 g6 3. Nc3 d5 4. cxd5 Nxd5 5. e4 Nxc3 6. bxc3 Bg7 7. Bc4 c5 8. Be3 Nc6 9. Ne2 0-0 10. 0-0 Qc7 11. Qc2 Na5 12. Bb3 Nxb3 13. Qxb3 c4 14. Qb2 b6 15. a4 Bd7 16. Qb4 Rfe8 1/2-1/2

[Event "Rychnov op"]
[Site "Rychnov nad Kneznou"]
[Date "2010.08.27"]
[Round "5"]
[White "Volf, Jaroslav"]
[Black "Petlak, Josef"]
[Result "1-0"]
[WhiteElo "2140"]
[BlackElo "2031"]
[PlyCount "95"]
[EventDate "2010.08.23"]
[EventType "swiss"]
[EventRounds "7"]
[EventCountry "CZE"]
[SourceTitle "CBM 138 Extra"]
[Source "ChessBase"]
[SourceDate "2010.10.29"]
[SourceVersion "1"]
[SourceVersionDate "2010.10.29"]
[SourceQuality "1"]

1. g3 d5 2. Bg2 Nf6 3. d4 e6 4. Nf3 Be7 5. 0-0 0-0 6. c3 b6 7. Nbd2 Bb7 8. Ne5 Nfd7 9. Nxd7 Nxd7 10. e4 dxe4 11. Nxe4 Rb8 12. Re1 Ba8 13. Qe2 Nf6 14. Nxf6+ Bxf6 15. Bf4 Bxg2 16. Kxg2 Qd5+ 17. Qf3 Qxf3+ 18. Kxf3 Rbc8 19. Rad1 Rfd8 20. Be5 Bg5 21. h4 Bh6 22. Bf4 Bxf4 23. Kxf4 Kf8 24. g4 Rd7 25. Re3 Rcd8 26. Red3 c5 27. Ke3 c4 28. R3d2 Rd5 29. b3 Rc8 30. Rb1 f6 31. bxc4 Rxc4 32. Kd3 Ra4 33. f3 e5 34. Ke4 Rda5 35. Rbb2 Ke7 36. f4 f5+ 37. gxf5 exd4 38. cxd4 Rc4 39. Rbc2 Raa4 40. Ke5 b5 41. Rxc4 Rxc4 42. d5 Rc1 43. d6+ Kd7 44. Rg2 Rc5+ 45. Ke4 Rc4+ 46. Kd5 a5 47. Rxg7+ Kd8 48. f6 1-0

[Event "Rychnov op"]
[Site "Rychnov nad Kneznou"]
[Date "2010.08.26"]
[Round "4"]
[White "Petrzelka, Karel"]
[Black "Volf, Jaroslav"]
[Result "1/2-1/2"]
[WhiteElo "1857"]
[BlackElo "2140"]
[PlyCount "21"]
[EventDate "2010.08.23"]
[EventType "swiss"]
[EventRounds "7"]
[EventCountry "CZE"]
[SourceTitle "CBM 138 Extra"]
[Source "ChessBase"]
[SourceDate "2010.10.29"]
[SourceVersion "1"]
[SourceVersionDate "2010.10.29"]
[SourceQuality "1"]

1. e4 e6 2. d4 d5 3. exd5 exd5 4. Bf4 Bd6 5. Bxd6 Qxd6 6. Qd2 Nf6 7. Nc3 c6 8. Nf3 0-0 9. 0-0-0 Bf5 10. Bd3 Bxd3 11. Qxd3 1/2-1/2

[Event "Rychnov op"]
[Site "Rychnov nad Kneznou"]
[Date "2010.08.25"]
[Round "3"]
[White "Volf, Jaroslav"]
[Black "Binder, Jaroslav"]
[Result "1-0"]
[WhiteElo "2140"]
[BlackElo "1948"]
[PlyCount "85"]
[EventDate "2010.08.23"]
[EventType "swiss"]
[EventRounds "7"]
[EventCountry "CZE"]
[SourceTitle "CBM 138 Extra"]
[Source "ChessBase"]
[SourceDate "2010.10.29"]
[SourceVersion "1"]
[SourceVersionDate "2010.10.29"]
[SourceQuality "1"]

1. e4 e5 2. Nf3 Nc6 3. d4 exd4 4. Bc4 d6 5. Nxd4 Nf6 6. Nc3 Be7 7. 0-0 0-0 8. Re1 Bg4 9. f3 Bh5 10. Nf5 Re8 11. Bg5 Ne5 12. Be2 c6 13. Nxe7+ Qxe7 14. g4 Bg6 15. f4 Ned7 16. f5 Qe5 17. Bxf6 Nxf6 18. fxg6 Qc5+ 19. Kg2 hxg6 20. Bf3 Re5 21. Qd2 Rae8 22. Rad1 R8e6 23. Qd4 Qa5 24. h3 g5 25. a4 a6 26. b4 Qd8 27. Qf2 Qe8 28. Re2 d5 29. Red2 Kh7 30. exd5 cxd5 31. Re2 Ne4 32. Bxe4+ dxe4 33. Qe3 Qc6 34. b5 axb5 35. axb5 Qe8 36. Red2 Rf6 37. Rf1 Rfe6 38. Rf5 Rxf5 39. gxf5 Re5 40. Qxg5 f6 41. Qe3 Qh5 42. Rf2 Rxf5 43. Rxf5 1-0

[Event "Rychnov op"]
[Site "Rychnov nad Kneznou"]
[Date "2010.08.23"]
[Round "1"]
[White "Volf, Jaroslav"]
[Black "Svec, Ludek"]
[Result "1-0"]
[WhiteElo "2140"]
[BlackElo "1771"]
[PlyCount "98"]
[EventDate "2010.08.23"]
[EventType "swiss"]
[EventRounds "7"]
[EventCountry "CZE"]
[SourceTitle "CBM 138 Extra"]
[Source "ChessBase"]
[SourceDate "2010.10.29"]
[SourceVersion "1"]
[SourceVersionDate "2010.10.29"]
[SourceQuality "1"]

1. e4 c5 2. c3 d5 3. exd5 Qxd5 4. d4 Nf6 5. Nf3 Bg4 6. Be2 e6 7. 0-0 cxd4 8. cxd4 Be7 9. Nc3 Qd8 10. h3 Bh5 11. Be3 0-0 12. Qb3 Qb6 13. Qxb6 axb6 14. Rfd1 Nd5 15. Nxd5 exd5 16. g4 Bg6 17. Ne5 f6 18. Nxg6 hxg6 19. Bf4 Kf7 20. Bf3 Rd8 21. Bc7 Rd7 22. Bxb6 Ra6 23. Bc5 b6 24. Bxe7 Kxe7 25. Be2 Raa7 26. Bb5 Rd8 27. Rdc1 Kd6 28. f3 Ra5 29. a4 Ra7 30. Kf2 Rh8 31. Kg3 g5 32. b4 Rc7 33. Rxc7 Kxc7 34. Rc1+ Kb7 35. Re1 Nc6 36. Bxc6+ Kxc6 37. Re6+ Kc7 38. Re7+ Kd6 39. Rb7 Kc6 40. Rxg7 Ra8 41. Rf7 Rxa4 42. Rxf6+ Kc7 43. Rf5 Kd6 44. Rxg5 Rxb4 45. h4 Rxd4 46. h5 Rc4 47. Rg6+ Kc5 48. Rg8 Kd6 49. h6 Rc7 1-0

[Event "CZE-chT2D 0910"]
[Site "Czech Republic"]
[Date "2009.12.06"]
[Round "4.8"]
[White "Svoboda, Ivo"]
[Black "Volf, Jaroslav"]
[Result "1-0"]
[WhiteElo "2017"]
[BlackElo "2151"]
[PlyCount "103"]
[EventDate "2009.10.18"]
[EventType "team-tourn"]
[EventRounds "11"]
[EventCountry "CZE"]
[SourceTitle "EXT 2012"]
[Source "ChessBase"]
[SourceDate "2011.11.24"]
[SourceVersion "1"]
[SourceVersionDate "2011.11.24"]
[SourceQuality "1"]
[WhiteTeam "Zdar nad Sazavou"]
[BlackTeam "Litomysl"]
[WhiteTeamCountry "CZE"]
[BlackTeamCountry "CZE"]

1. d4 Nf6 2. c4 g6 3. Nc3 d5 4. Bg5 dxc4 5. e3 Bg7 6. Bxc4 0-0 7. Nf3 Nbd7 8. 0-0 c6 9. Rc1 Nb6 10. Bb3 Nbd5 11. Nxd5 Nxd5 12. h3 Nc7 13. e4 Be6 14. Be3 Qd7 15. Re1 Bxb3 16. Qxb3 Ne8 17. Rcd1 Nd6 18. Bf4 Rfd8 19. Ne5 Qe8 20. Nf3 Qd7 21. e5 Ne8 22. e6 fxe6 23. Rxe6 Qd5 24. Qxd5 Rxd5 25. Rxe7 Nd6 26. Bxd6 Rxd6 27. Rxb7 c5 28. d5 Bd4 29. Nxd4 Rxd5 30. b4 cxd4 31. Rd3 a5 32. b5 a4 33. b6 Rd6 34. Ra7 Rxa7 35. bxa7 Ra6 36. Rxd4 Rxa7 37. a3 Kf7 38. Re4 Kf6 39. f3 Kf5 40. Kf2 Kf6 41. Ke3 Ra5 42. Kd3 Rg5 43. g4 Ra5 44. h4 Ra7 45. Kc3 g5 46. hxg5+ Kxg5 47. Kb4 Rf7 48. Kxa4 Rxf3 49. Kb4 Rf1 50. a4 Rb1+ 51. Kc5 Rc1+ 52. Kb5 1-0

[Event "Usti nad Orlici op"]
[Site "Usti nad Orlici"]
[Date "2006.05.03"]
[Round "6"]
[White "Volf, Jaroslav"]
[Black "Vranova, Jarmila"]
[Result "1-0"]
[WhiteElo "2168"]
[BlackElo "1873"]
[PlyCount "73"]
[EventDate "2006.04.29"]
[EventType "swiss"]
[EventRounds "9"]
[EventCountry "CZE"]
[SourceTitle "CBM 112 Extra"]
[Source "ChessBase"]
[SourceDate "2006.07.14"]
[SourceVersion "1"]
[SourceVersionDate "2006.07.14"]
[SourceQuality "1"]

1. e4 c6 2. d4 d5 3. Nc3 dxe4 4. Nxe4 Bf5 5. Ng3 Bg6 6. N1e2 h6 7. c3 Nf6 8. Nf4 Bh7 9. Bd3 Bxd3 10. Qxd3 e6 11. 0-0 Qd7 12. Re1 Na6 13. Ne4 Nxe4 14. Qxe4 0-0-0 15. Nd3 Bd6 16. Bf4 g5 17. Bxd6 Qxd6 18. Ne5 Qc7 19. b4 f5 20. Qe2 g4 21. a4 Nb8 22. Ra2 Rh7 23. Qc4 Qd6 24. Ng6 Re8 25. Rae2 Kd7 26. Rxe6 Rxe6 27. Rxe6 Qxe6 28. Nf8+ Ke8 29. Nxe6 Re7 30. g3 Nd7 31. Nc5 Nf6 32. Nxb7 Re1+ 33. Kg2 Ne4 34. Qe6+ Kf8 35. Qxf5+ Ke7 36. Qh7+ Ke8 37. Qxe4+ 1-0

[Event "CZE-chT2c 0506"]
[Site "Czech Republic"]
[Date "2005.11.20"]
[Round "3.5"]
[White "Volf, Jaroslav"]
[Black "Novotny, Michal"]
[Result "0-1"]
[WhiteElo "2168"]
[BlackElo "2233"]
[PlyCount "112"]
[EventDate "2005.10.16"]
[EventType "team"]
[EventRounds "11"]
[EventCountry "CZE"]
[SourceTitle "EXT 2009"]
[Source "ChessBase"]
[SourceDate "2008.11.26"]
[SourceVersion "1"]
[SourceVersionDate "2008.11.26"]
[SourceQuality "1"]
[WhiteTeam "Rychnov nad Kneznou"]
[BlackTeam "Polabiny"]
[WhiteTeamCountry "CZE"]
[BlackTeamCountry "CZE"]

1. e4 c5 2. c3 Nf6 3. e5 Nd5 4. d4 cxd4 5. cxd4 b6 6. Nc3 Nxc3 7. bxc3 Qc7 8. Bd2 e6 9. f4 Be7 10. Nf3 0-0 11. Bd3 Ba6 12. Bxa6 Nxa6 13. Qe2 Nb8 14. 0-0 d6 15. exd6 Qxd6 16. Rae1 Bf6 17. Qe4 Qc6 18. Ne5 Qxe4 19. Rxe4 g6 20. g4 Re8 21. f5 exf5 22. gxf5 Bxe5 23. dxe5 Nd7 24. fxg6 hxg6 25. Rfe1 Re6 26. Bf4 Rae8 27. Ra4 a5 28. Rb1 Rc8 29. Ra3 Rcc6 30. Rab3 Nc5 31. Rb5 Ne4 32. R5b2 Nxc3 33. Rc1 g5 34. Rbc2 gxf4 35. Rxc3 Rxc3 36. Rxc3 Rxe5 37. a4 Re4 38. Rc6 Rxa4 39. Rxb6 Kg7 40. Ra6 Ra2 41. h4 f3 42. h5 a4 43. h6+ Kh7 44. Rf6 Rg2+ 45. Kf1 a3 46. Rxf7+ Kxh6 47. Rxf3 a2 48. Kxg2 a1Q 49. Rg3 Kh5 50. Kh2 Kh4 51. Rf3 Qe5+ 52. Kg2 Kg4 53. Rf2 Qe1 54. Rf1 Qg3+ 55. Kh1 Kh3 56. Rf2 Qe5 0-1

[Event "CZE-chT2c 0506"]
[Site "Czech Republic"]
[Date "2005.10.16"]
[Round "1.5"]
[White "Volf, Jaroslav"]
[Black "Nun, Josef"]
[Result "1/2-1/2"]
[WhiteElo "2168"]
[BlackElo "2318"]
[PlyCount "21"]
[EventDate "2005.10.16"]
[EventType "team"]
[EventRounds "11"]
[EventCountry "CZE"]
[SourceTitle "EXT 2009"]
[Source "ChessBase"]
[SourceDate "2008.11.26"]
[SourceVersion "1"]
[SourceVersionDate "2008.11.26"]
[SourceQuality "1"]
[WhiteTeam "Rychnov nad Kneznou"]
[BlackTeam "Hradec Kralove II"]
[WhiteTeamCountry "CZE"]
[BlackTeamCountry "CZE"]

1. e4 c5 2. c3 d5 3. exd5 Nf6 4. d4 cxd4 5. Qxd4 Qxd5 6. Qxd5 Nxd5 7. Nf3 g6 8. Bc4 Nb6 9. Bb3 Bg7 10. Be3 Nc6 11. Nbd2 1/2-1/2